01316nam a2200265 a 4500001001000000005001700010008004100027041000800068044000700076084002000083100004500103245009500148260003200243300002200275500020300297500017900500500008200679500001000761650005200771650005600823650003400879650004500913700004200958740005001000BRCA_249820190320203834.0241108s1854----sp-a---###---#000-0#spa-u aspa asp a140b.M65c18541 aCervantes Saavedra, Miguel ded1547-161610aEl Ingenioso Hidalgo Don Quijote de la Manchaccompuesto por Miguel de Cervantes Saavedra. aSevillabJuan Mollanoc1854 a2 v.bil.c20 cm. aContenido : v 1. Primera parte. Retrato de Cervantes. Dedicatoria del autor. Prólogo del autor. Versos preliminares. Texto. -- v 2. Segunda parte. Dedicatoria del autor. Prólogo del autor. Texto aIlustraciones de Tony Johannot. El retrato de Cervantes está grabado por J. López. Edición económica. Semipiel; lomeras decoradas con filetes dorados Lúdovik Osterc aExistencias : El volumen 1 es de 1854 y el 2 de 1855, ligeramente más chico aQM12414aNovela españolayÉpoca clásica, 1500-170014aLiteratura españolayÉpoca clásica, 1500-170014aNovela españolaySiglo XVII14aDon Quijote (Personaje ficticio)eNovela1 aJohannot, Tonyd1803-1852eIlustrador0 aEl Ingenioso Hidalgo Don Quijote de la Mancha